=LDR 00000nam 2200000 4500 =001 INLIS000000000004461 =005 20250717114413 =035 ##$$a 0010-0725000272 =007 ta =008 250717###########################0#ind## =020 ##$$a - =082 ##$$a 090 =084 ##$$a 090 BAD t =245 1#$$a Training Population Aktivities For Planning Personnel : $b - /$c Badan Koordinasi Keluarga Berencana Nasional =250 ##$$a Pertama =260 ##$$a Jakarta :$b Badan Koordinasi Keluarga Berencana Nasional,$c 1984 =300 ##$$a 39 halaman : $b ilus ; $c 22 cm$e - =650 #4$$a Program KB =110 #$$a Badan Koordinasi Keluarga Berencana Nasional =856 ##$$a Perpustakaan BKKBN